Les couples célèbres dans la littérature - Statistiques

Statistiques générales
  • Ce quiz a été pris 2 037 fois
  • Le résultat moyen est 7 sur 13
Statistiques - réponses
Garçon Fille % Correct
Roméo Juliette
100%
Tristan Iseut
93%
Quasimodo Esmeralda
87%
Ulysse Pénélope
74%
Paul Virginie
55%
Orphée Eurydice
50%
Rodrigue Chimène
49%
Cyrano Roxane
49%
Marius Fanny
34%
Abélard Héloïse
32%
Titus Bérénice
27%
Heathcliff Catherine
22%
Othello Desdémone
13%
Aucun quiz correspondant
Distribution des résultats
% des personnes avec chaque résultat
Percentile par nombre de réponses
Votre historique - résultats
Vous n’avez pas pris ce quiz